Pokémon - Attaques Signatures - Statistiques

Statistiques générales
  • Ce quiz a été pris 34 fois
    29 depuis la dernière actualisation
  • Le résultat moyen est 135 sur 256
Statistiques - réponses
Hint Réponse % Correct
Palkia Dragon Spatio-Rift
94%
Apireine Insecte Appel Attaque
88%
Insecte Appel Défense
88%
Exagide Acier Bouclier Royal
88%
Victini Feu Coup Victoire
88%
Dialga Dragon Hurle-Temps
88%
Groudon Sol Lame Pangéenne
88%
Pyrobut Feu Ballon Brûlant
82%
Sucreine Plante Botte Sucrette
82%
Rayquaza Vol Draco-Ascension
82%
Pichu / Pikachu / Raichu / Raichu d'Alola Électrique Electacle
82%
Arceus Normal Jugement
82%
Kyogre Eau Onde Originelle
82%
Salarsen Électrique Overdrive
82%
Colossinge / Courrousinge Spectre Poing de Colère
82%
Giratina Spectre Revenant
82%
Ekaïser Dragon Vibrécaille
82%
Heatran Feu Vortex Magma
82%
Lugia Vol Aéroblast
76%
Insecte Appel Soins
76%
Bazoucan Vol Bec-Canon
76%
Prédastérie Poison Blockhaus
76%
Boumata Feu Carapiège
76%
Solgaleo / Necrozma (Forme Crinière du Couchant) Acier Choc Météore
76%
Plumeline Normal Danse Éveil
76%
Cresselia Psy Danse Lune
76%
Zekrom / Kyurem Noir Électrique Éclair Croix
76%
Brutalibré Combat / Vol Flying Press
76%
Queulorior Normal Gribouille
76%
Pitrouille / Banshitrouye Spectre Halloween
76%
Tic / Clic / Cliticlic Acier Lancécrou
76%
Yveltal Vol Mort'Ailes
76%
Sol Myria-Flèches
76%
Diancie Roche Orage Adamantin
76%
Regigigas Normal Presse
76%
Gorythmic Plante Tambour Battant
76%
Lézargus Eau Tir de Précision
76%
Darkrai Ténèbres Trou Noir
76%
Lougaroc (Forme Diurne) / Lougaroc (Forme Crépusculaire) Roche Vif Roc
76%
Bacabouh / Trépassable Sol Amass'Sable
71%
Éthernatos Dragon Canon Dynamax
71%
Normal Change-Côté
71%
Meloetta Normal Chant Antique
71%
Porygon / Porygon 2 / Porygon-Z Normal Conversion
71%
Normal Conversion 2
71%
Silvallié Normal Coup Varia-Type
71%
Girafarig / Farigiraf Psy Double Laser
71%
Lanssorien Dragon Draco-Flèches
71%
Shaymin Plante Fulmigraine
71%
Hachécateur Roche Hache de Pierre
71%
Insolourdo / Deusolourdo Normal Hyperceuse
71%
Tokorico / Tokopiyon / Tokotoro / Tokopisco Fée Ire de la Nature
71%
Volcanion Eau Jet de Vapeur
71%
Keldeo Combat Lame Ointe
71%
Necrozma Psy Laser Prisme
71%
Latios Psy Lumi-Éclat
71%
Floette (Forme Fleur Éternelle) Fée Lumière du Néant
71%
Sol Myria-Vagues
71%
Sol Osmerang
71%
Lunala / Necrozma (Forme Ailes de l'Aurore) Spectre Rayon Spectral
71%
Amassel / Gigansel Roche Salaison
71%
Cerfrousse / Cerbyllin Psy Sprint Bouclier
71%
Kadabra / Alakazam Psy Télékinésie
71%
Archéduc Spectre Tisse Ombre
71%
Zamazenta(Forme Bouclier Suprême) Acier Aegis Maxima
65%
Hydragon / Hydragla Eau Branchicrok
65%
Pierroteknik Feu Caboche-Kaboum
65%
Magearna Fée Canon Floral
65%
Flâmigator Feu Chant Flamboyant
65%
Marshadow Spectre Clepto-Mânes
65%
Reshiram / Kyurem Blanc Feu Flamme Croix
65%
Zygarde Sol Force Chtonienne
65%
Mewtwo Psy Frappe Psy
65%
Xerneas Fée Géo-Contrôle
65%
Zacian (Forme Épée Suprême) Acier Gladius Maximus
65%
Lippoutou Normal Grobisou
65%
Ursaking (Forme Lune Vermeille) Normal Lune Rouge
65%
Miascarade Plante Magie Florale
65%
Brocélôme / Désséliande Plante Maléfice Sylvain
65%
Forgelina Acier Marteau Mastoc
65%
Ossatueur d'Alola Spectre Os'Ombre
65%
Frison Normal Peignée
65%
Deoxys Psy Psycho-Boost
65%
Gromago Acier Ruée d'Or
65%
Démétéros Sol Typhon Pyrosable
65%
Jirachi Acier Vœu Destructeur
65%
Sinistrail Acier Ancrage
59%
Glaivodo Dragon Charge Glaive
59%
Palmaval Eau Danse Aquatique
59%
Fragilady de Hisui Combat Danse Victoire
59%
Melmetal Acier Écrous d'Poing
59%
Kyurem Blanc Glace Feu Glacé
59%
Mimigal / Migalos Poison Fil Toxique
59%
Reshiram Feu Flamme Bleue
59%
Fourbelin / Angoliath Ténèbres Fourbette
59%
Monthracite Roche Goudronnage
59%
Palarticho Combat Joute Astrale
59%
Malvalame Feu Lame en Peine
59%
Pomdorochi Dragon Laser Hasard
59%
Dragon Laser Infinimax
59%
Ogerpon Plante Massue Liane
59%
Roigada / Roigada de Galar Glace Neigeux de Mots
59%
Psy Photo-Geyser
59%
Noeunoeuf / Noadkoko / Noadkoko d'Alola Normal Pilonnage
59%
Zeraora Électrique Plasma Punch
59%
Compagnol / Famignol Normal Prolifération
59%
Morpeko Électrique / Ténèbres Roue Libre
59%
Tauros / Tauros de Paldea Normal Taurogne
59%
Shifours (Style Mille Poings) Eau Torrent de Coups
59%
Boréas Vol Typhon Hivernal
59%
Hexadron Combat Ultime Bastion
59%
Smogogo de Galar Fée Vapeur Féérique
59%
Latias Psy Ball'Brume
53%
Ixon Ténèbres Blocage
53%
Carmadura Feu Canon Blindé
53%
Chongjian / Baojian / Chongjian / Yuyu Ténèbres Cataclysme
53%
Pêchaminus Poison Chaîne Malsaine
53%
Kyurem Noir Glace Éclair Gelé
53%
Kyurem Glace Ère Glaciaire
53%
Évoli Partenaire Normal Évo-Chardasso
53%
Plante Évo-Écolo
53%
Ténèbres Évo-Ténébro
53%
Eau Évo-Thalasso
53%
Hoopa (Forme Déchaîné) Ténèbres Furie Dimension
53%
Scalpereur Ténèbres Génusection
53%
Farfurex Poison Griffes Funestes
53%
Électrode de Hisui Plante Herblast
53%
Flagadoss de Galar Poison Kokiyarme
53%
Sylveroy (Cavalier du Froid) Glace Lance de Glace
53%
Osselait / Ossatueur / Ossatueur d'Alola Sol Massd'Os
53%
Qwilfish / Qwilfish de Hisui / Qwilpik Poison Multitoxik
53%
Koraidon Combat Nitro Crash
53%
Galvagon / Galvagla Électrique Prise de Bec
53%
Artikodin de Galar Psy Regard Glaçant
53%
Dragon Sanction Suprême
53%
Gouroutan Psy Sommation
53%
Genesect Normal Techno-Buster
53%
Floréclat Poison Toupie Éclat
53%
Archéduc de Hisui Combat Triple Flèches
53%
Clamiral de Hisui Ténèbres Vagues à Lames
53%
Trousselin Fée Verrou Enchanté
53%
Séracrawl de Hisui Glace Bise Glaciaire
47%
Zorua de Hisui / Zoroark de Hisui Spectre Cœur de Rancœur
47%
Fée Colère du Gardien d'Alola
47%
Typhlosion de Hisui Spectre Cortège Funèbre
47%
Vrombotor (Forme Starmobile Schedar) Feu Crash Brûlant
47%
Vrombi / Vrombotor Acier Dérapage
47%
Pohmarmotte Électrique Double Décharge
47%
Dragon Dracacophonie
47%
Glace Évo-Congélo
47%
Feu Évo-Flambo
47%
Psy Évo-Psycho
47%
Dracaufeu Gigamax Feu Fournaise G-Max
47%
Pondralugon Électrique Fulgurayon
47%
Serpente-Eau Eau Hydrovapeur
47%
Évoli Normal Neuf pour Un
47%
Eau Pika-Splash
47%
Oyacata Dragon Plat du Jour
47%
Shifours (Style Poing Final) Ténèbres Poing Obscur
47%
Superdofin Eau Poing Sonique
47%
Psy Prière Lunaire
47%
Hoopa (Forme Enchaîné) Psy TrouDimensionnel
47%
Fulguris Électrique Typhon Fulgurant
47%
Amovénus Fée Typhon Passionné
47%
Regieleki Électrique Voltageôle
47%
Gueriaigle de Hisui Psy Ailes Psycho
41%
Ultra-Necrozma Psy Apocalypsis Luminis
41%
Pomdramour / Pomdorochi Plante Bombe au Sirop
41%
Zekrom Électrique Charge Foudre
41%
Électhor de Galar Combat Coup Fulgurant
41%
Vrombotor (Forme Starmobile Ruchbah) Fée Crash Magique
41%
Vrombotor (Forme Starmobile Caph) Combat Crash Musclé
41%
Vrombotor (Forme Starmobile Tsih) Poison Crash Toxique
41%
Délestin Normal Décharnement
41%
Dragon Dracacophonie Flamboyante
41%
Regidrago Dragon Draco-Énergie
41%
Sylveroy (Cavalier d'Effroi) Spectre Éclat Spectral
41%
Électrique Évo-Dynamo
41%
Fée Évo-Fabulo
41%
Créhelf / Créfollet / Créfadet Psy Force Mystique
41%
Ronflex Normal Gare au Ronflex
41%
Pikachu à Casquette Électrique Giga-Tonnerre
41%
Feu Incendie
41%
Vert-de-Fer Psy Lame Psychique
41%
Chef-de-Fer Acier Lame Tachyonique
41%
Théffroyable Plante Mortier Matcha
41%
Filentrappe Insecte Piège de Fil
41%
Pikachu Partenaire Électrique Pika-Fracas
41%
Vol PIka-Piqué
41%
Électrique Pika-Sprint
41%
Concombaffe Poison Purification
41%
Mew Psy Supernova Originelle
41%
Oratoria Eau Symphonie des Ondines
41%
Limonde de Galar Plante Troquenard
41%
Miraidon Électrique Turbo Volt
41%
Ire-Foudre Électrique Vif Éclair
41%
Dratatin Plante Acide Malique
35%
Évoli Gigamax Normal Calin G-Max
35%
Félinferno Ténèbres Dark Body Press
35%
Pomdrapi Plante Force G
35%
Ectoplasma Gigamax Spectre Hantise G-Max
35%
Roc-de-Fer Roche Lame Puissante
35%
Charmilly Fée Nappage
35%
Krakos Combat Octoprise
35%
Mimiqui Fée Patati-Patattrape
35%
Terapagos Normal Pluie Térastrale
35%
Zarude Plante Selve Salvatrice
35%
Guérilande Fée Soin Floral
35%
Roigada de Galar Psy Sort Sinistre
35%
Polthégeist Normal Thérémonie
35%
Kraboss Gigamax Eau Bulles G-Max
29%
Tortank Gigamax Eau Canonnade G-Max
29%
Vrombotor (Forme Starmobile Segin) Ténèbres Crash Obscur
29%
Raichu d'Alola Électrique Électro-Surf Survolté
29%
Phione / Manaphy Psy Extravaillance
29%
Melmetal Gigamax Acier Fonte G-Max
29%
Pikachu Gigamax Électrique Foudre G-Max
29%
Florizarre Gigamax Plante Fouet G-Max
29%
Mackogneur G-Max Combat Frappe G-Max
29%
Sulfura de Galar Ténèbres Fureur Ardente
29%
Spectre Fureur des Plumes Spectrales
29%
Scovilain Plante Habanerage
29%
Lougaroc Roche Hurlement des Roches Lames
29%
Cléopsytra Psy Lumino-Impact
29%
Mucuscule / Colimucus de Hisui / Muplodocus de Hisui Acier Mur Fumigène
29%
Astronelle Gigamax Psy Ondes G-Max
29%
Miasmax Gigamax Poison Pestilence G-Max
29%
Sorcilence Psy Poudre Magique
29%
Pyrobut Gigamax Feu Pyroball G-Max
29%
Spectre Rayons Séléno-Explosifs
29%
Feu-Perçcant Feu Rempart Brûlant
29%
Lokhlass Gigamax Glace Résonance G-Max
29%
Salarsen Gigamax Électrique Choc G-Max
24%
Pomdrapi Gigamax Plante Corrosion G-Max
24%
Shifours (Style Poing Final) Gigamax Ténèbres Coup Final G-Max
24%
Charmilly Gigamax Fée Cure G-Max
24%
Tag-Tag Normal Décalquage
24%
Spectre Fauche-Âme des Sept Étoiles
24%
Lézargus Gigamax Eau Gâchette G-Max
24%
Acier Hélio-Choc Dévastateur
24%
Shifours (Style Mille Poings) Gigamax Eau Multicoup G-Max
24%
Dratatin Gigamax Plante Nectar G-Max
24%
Miaouss Gigamax Normal Pactole G-Max
24%
Pachyradjah Gigamax Acier Percée G-Max
24%
Gorythmic Gigamax Plante Percussion G-Max
24%
Pikachu Électrique Pikachute Foudroyante
24%
Corvaillus Gigamax Vol Rafale G-Max
24%
Ronflex Gigamax Normal Récolte G-Max
24%
Sorcilence Gigamax Fée Sentence G-Max
24%
Angoliath Gigamax Ténèbres Torpeur G-Max
24%
Duralugon Gigamax Dragon Usure G-Max
24%
Scolocendre Gigamax Feu Combustion G-Max
18%
Dunaconda Gigamax Sol Enlisement G-Max
18%
Papilusion Gigamax Insecte Illusion G-Max
18%
Torgamord Gigamax Eau Récif G-Max
18%
Monthracite Gigamax Roche Téphra G-Max
18%
Aucun quiz correspondant
Distribution des résultats
% des personnes avec chaque résultat
Percentile par nombre de réponses
Votre historique - résultats
Vous n’avez pas pris ce quiz depuis la dernière actualisation